Lịch Thái ứng dụng và lễ hội Bà Trầy

में बचाया:
ग्रंथसूची विवरण
मुख्य लेखक: Quán Vi Viên
अन्य लेखक: Đinh Xuân Uy, Vi Khăm Mun
स्वरूप: पुस्तक
भाषा:Vietnamese
प्रकाशित: H. Khoa học xã hội 2015
विषय:
टैग : टैग जोड़ें
कोई टैग नहीं, इस रिकॉर्ड को टैग करने वाले पहले व्यक्ति बनें!
Thư viện lưu trữ: Mạng thư viện Đại học Đà Nẵng
LEADER 01635aam a22004338a 4500
001 000023897
003 20350
005 20160513090527.0
008 160428s2015 viesd
020 |d 2000b 
041 0 |a vie 
082 0 4 |2 23  |a 394.269597  |b QU-M 
100 1 |a Quán Vi Viên 
245 1 0 |a Lịch Thái ứng dụng và lễ hội Bà Trầy  |c Quán Vi Viên (ch.b.), Vi Khăm Mun, Đinh Xuân Uy 
260 |a H.  |b Khoa học xã hội  |c 2015 
300 |a 170 tr.  |c 21 cm. 
500 |a ĐTTS ghi: Hội Văn nghệ dân gian Việt Nam 
504 |a Thư mục: tr. 129-133 
650 0 4 |2 Bộ TK TVQG  |a Lịch Thái  |x Ứng dụng 
650 0 4 |2 Bộ TK TVQG  |a Lễ hội  |x Dân tộc Thái 
650 7 |2 Bộ TK TVQG 
651 7 |2 Bộ TK TVQG  |a Việt Nam 
653 |a Dân tộc Thái 
653 |a Lịch Thái 
653 |a Lễ hội Bà Trầy 
700 1 |a Đinh Xuân Uy 
700 1 |a Vi Khăm Mun 
OWN |a LSP 
AVA |a UDN50  |b LNN  |d 895.922 QU-M  |e available  |t Error 5001 Not defined in file expand_doc_bib_avail.  |f 1  |g 0  |h N  |i 0 
AVA |a UDN50  |b LSP  |d 394.269597 QU-M  |e available  |t Error 5001 Not defined in file expand_doc_bib_avail.  |f 1  |g 0  |h N  |i 0  |k 1 
999 |a From the UDN01 
AVA |a UDN50  |b LNN  |d 895.922 QU-M  |e available  |t Error 5001 Not defined in file expand_doc_bib_avail.  |f 1  |g 0  |h N  |i 0 
AVA |a UDN50  |b LSP  |d 394.269597 QU-M  |e available  |t Error 5001 Not defined in file expand_doc_bib_avail.  |f 1  |g 0  |h N  |i 0  |k 1 
TYP |a Monograph 
TYP |a Printed language 
980 |a Mạng thư viện Đại học Đà Nẵng